[Event "Davos op 3rd"]
[Site "Davos"]
[Date "2004.08.05"]
[Round "6"]
[White "Sedina, Elena"]
[Black "Erenska Barlo, Hanna"]
[Result "1-0"]
[WhiteElo "2396"]
[BlackElo "2237"]
[PlyCount "79"]
[EventDate "2004.07.31"]
[EventType "swiss"]
[EventRounds "9"]
[EventCountry "SUI"]
[SourceTitle "CBM 101 Extra"]
[Source "ChessBase"]
[SourceDate "2004.09.01"]
[SourceVersion "2"]
[SourceVersionDate "2004.09.01"]
[SourceQuality "1"]

1. e4 c5 2. Nf3 a6 3. c3 d5 4. exd5 Qxd5 5. d4 e6 6. Be3 cxd4 7. cxd4 Nf6 8. Nc3 Qd6 9. Bd3 Be7 10. 0-0 0-0 11. Qc2 Rd8 12. Rad1 g6 13. Rfe1 Nc6 14. Qd2 Nd5 15. Bh6 Bd7 16. h4 Be8 17. h5 Rac8 18. Ng5 Ndb4 19. hxg6 hxg6 20. Bxg6 fxg6 21. Nxe6 Nd5 22. Nxd8 Rxd8 23. Bg5 Bf7 24. Ne4 Qd7 25. Bxe7 Qxe7 26. Qh6 Qf8 27. Qh4 Qg7 28. Ng5 Nf6 29. Ne6 Bxe6 30. Rxe6 Kf7 31. d5 Kg8 32. Qxf6 Qxf6 33. Rxf6 Kg7 34. Re6 Kf7 35. Ree1 Ne7 36. d6 Nc8 37. d7 Nb6 38. Rd6 Nc4 39. Rd4 Nxb2 40. Re2 1-0

[Event "Davos op 3rd"]
[Site "Davos"]
[Date "2004.07.31"]
[Round "1"]
[White "Erenska Barlo, Hanna"]
[Black "Sieber, Wolfgang"]
[Result "0-1"]
[WhiteElo "2237"]
[BlackElo "1840"]
[PlyCount "130"]
[EventDate "2004.07.31"]
[EventType "swiss"]
[EventRounds "9"]
[EventCountry "SUI"]
[SourceTitle "CBM 101 Extra"]
[Source "ChessBase"]
[SourceDate "2004.09.01"]
[SourceVersion "2"]
[SourceVersionDate "2004.09.01"]
[SourceQuality "1"]

1. e4 e5 2. Bc4 Bc5 3. d3 Nc6 4. c3 d6 5. Nf3 h6 6. Bb3 Nf6 7. Be3 Bb6 8. Nbd2 0-0 9. Qe2 Be6 10. h3 Bxb3 11. axb3 Nd7 12. g4 Qe7 13. b4 Nd8 14. Nc4 Ne6 15. Kd2 Rfe8 16. Kc2 Nf4 17. Qd2 g5 18. h4 f6 19. hxg5 hxg5 20. Rh6 Kg7 21. Bxf4 Kxh6 22. Nh4 Qe6 23. Nf5+ Kg6 24. Be3 Rh8 25. Na5 Bxa5 26. Rxa5 b6 27. Ra6 Nb8 28. Ra3 Nc6 29. b5 Ne7 30. d4 Qf7 31. d5 Nxf5 32. exf5+ Kg7 33. c4 Qg8 34. Ra1 Qh7 35. Qe2 Qh3 36. Rg1 a5 37. bxa6 Rxa6 38. c5 Raa8 39. cxb6 cxb6 40. Kb1 Rhc8 41. Qd1 b5 42. f3 Qh8 43. Rh1 Qd8 44. Qd2 Qa5 45. Qxa5 Rxa5 46. Bd2 Ra4 47. Be3 b4 48. Rd1 Rh8 49. Kc2 Rh3 50. Kb3 Ra8 51. Kxb4 Rb8+ 52. Ka3 Rxf3 53. Rd3 Rh8 54. Rc3 Rhh3 55. Bd2 Rxc3+ 56. Bxc3 Kf7 57. Kb4 Ke7 58. Kc4 Rg3 59. b4 Rxg4+ 60. Kb5 Kd7 61. Ka6 Kc7 62. Ka5 Kb7 63. Bb2 Rf4 64. b5 Rf3 65. Bc1 g4 0-1